[Event "II Memorial Oliver Gonzalez"]
[Site "Madrid"]
[Date "2011.10.11"]
[Round "4.70"]
[White "Ruiz Bazaga, Miriam"]
[Black "Magan Gonzalez, Alberto"]
[Result "0-1"]
[WhiteElo "1624"]
[BlackElo "1821"]
[PlyCount "118"]
[EventDate "2011.10.08"]

1. e4 c5 2. c3 e5 3. Nf3 Nc6 4. Bc4 Qf6 5. d3 h6 6. Be3 d6 7. Nbd2 Nge7 8. Qe2
Ng6 9. O-O-O Be7 10. Nb3 a5 11. a4 Be6 12. d4 Bxc4 13. Qxc4 cxd4 14. cxd4 O-O
15. Qb5 Rfc8 16. Kb1 exd4 17. Bxd4 Nxd4 18. Nbxd4 Nf4 19. Rhg1 Ne6 20. Qf5 Rc4
21. Qxf6 Bxf6 22. Nxe6 fxe6 23. Rxd6 Rxe4 24. Re1 Rxa4 25. Rdxe6 {(=)} Rb4 26.
Re8+ Rxe8 27. Rxe8+ Kf7 28. Re2 a4 29. Ka2 b5 30. Ne5+ Bxe5 31. Rxe5 Kf6 32.
Re3 Rd4 33. Re2 b4 34. g3 g5 35. f3 Kf5 36. Rf2 Ke5 37. h3 Kd5 38. f4 gxf4 39.
gxf4 Ke6 40. f5+ Kf6 41. Kb1 b3 42. Kc1 Rd5 43. Rf4 Rc5+ 44. Kd1 a3 45. bxa3 b2
46. Rb4 Rc1+ 47. Kd2 b1=Q 48. Rxb1 Rxb1 49. Kc2 Rb8 50. Kc3 Kxf5 51. a4 Kf4 52.
a5 Kg3 53. Kc4 Kxh3 54. a6 Kg3 55. Kc5 h5 56. Kc6 h4 57. a7 Rh8 58. Kb7 Rh7+
59. Kb8 Rxa7 0-1

[Event "II Memorial Oliver Gonzalez"]
[Site "Madrid"]
[Date "2011.10.11"]
[Round "4.72"]
[White "Nieto Esteban, Manuel"]
[Black "Veiga Rodriguez, Pablo"]
[Result "1-0"]
[WhiteElo "1777"]
[BlackElo "1578"]
[PlyCount "107"]
[EventDate "2011.10.08"]

1. c4 e5 2. Nc3 Nc6 3. Nf3 Nf6 4. d4 exd4 5. Nxd4 Bc5 6. Nb3 b6 7. Nxc5 bxc5 8.
g3 Rb8 9. Bg2 Ne5 10. b3 O-O 11. O-O h6 12. Qc2 Re8 13. Rd1 d6 14. Bb2 Bg4 15.
f4 Ned7 16. Re1 Nb6 17. e4 Bc8 18. Rad1 Bb7 19. Bh3 Bc8 {(=)} 20. Bg2 Bb7 21.
Re2 Re7 22. e5 Bxg2 23. Kxg2 Ne8 24. Ne4 Rd7 25. exd6 cxd6 26. Qc3 d5 27. Nxc5
Re7 28. Rxe7 Qxe7 29. Re1 Qf6 30. Qxf6 Nxf6 31. Bxf6 gxf6 32. cxd5 Rc8 33. Ne4
Rc2+ 34. Kh3 Nxd5 35. Rd1 f5 36. Rd2 Rxd2 37. Nxd2 Kg7 38. Kg2 Kf6 39. Kf3 h5
40. Nc4 Ke6 41. a3 f6 42. Ke2 Nc3+ 43. Kd3 Ne4 44. Ne3 Nf2+ 45. Kc4 Ng4 46.
Nxg4 fxg4 47. Kc5 Kf5 48. Kd5 h4 49. b4 a6 50. a4 h3 51. b5 axb5 52. axb5 Kg6
53. b6 Kh5 54. b7 1-0

[Event "II Memorial Oliver Gonzalez"]
[Site "Madrid"]
[Date "2011.10.11"]
[Round "4.73"]
[White "Rodriguez Bachiller, Luis"]
[Black "Garcia-Sanchez Navarro, Mariano"]
[Result "1-0"]
[WhiteElo "1777"]
[BlackElo "1573"]
[PlyCount "135"]
[EventDate "2011.10.08"]

1. e4 c6 2. d4 d5 3. Nc3 dxe4 4. Nxe4 Bf5 5. Ng3 Bg6 6. h4 h6 7. Nf3 e6 8. Bd3
Bxd3 9. Qxd3 Be7 10. Bd2 Nd7 11. O-O-O Qc7 12. Ne2 O-O-O 13. Bf4 Qa5 14. Qb3
Nb6 15. c4 Nf6 16. Ne5 Rhf8 17. f3 Nbd7 18. Bd2 Qc7 19. Bc3 Nxe5 20. dxe5 Nd7
21. f4 Nc5 22. Rxd8+ Rxd8 23. Qc2 Rd7 24. Bd4 Na6 25. a3 c5 26. Bf2 Qc6 27. Rg1
f6 28. Ng3 fxe5 29. Nh5 exf4 30. Nxg7 Bxh4 31. Bxh4 Rxg7 32. Bf6 Rd7 33. Be5
Rf7 34. Qg6 Qe8 35. Bxf4 Nc7 36. Qe4 Rd7 37. Qe5 b6 38. Rh1 Kb7 39. Rxh6 Qd8
40. Qe4+ Kb8 41. Bxc7+ Kxc7 42. Rxe6 Rd1+ 43. Kc2 Qd2+ 44. Kb3 Qd3+ 45. Qxd3
Rxd3+ 46. Kc2 Rg3 47. Re7+ Kb8 48. Re2 Kb7 49. Kd1 Ka6 50. Ke1 Ka5 51. Kf2 Rg6
52. g3 a6 53. Kf3 b5 54. cxb5 axb5 55. Kf4 b4 56. axb4+ Kxb4 57. g4 Kc4 58. Kf5
Rg8 59. g5 Kd3 60. Rg2 Rf8+ 61. Kg6 Ke4 62. Kg7 Rb8 63. g6 Kf5 64. Rf2+ Kg5 65.
Kh7 Rb7+ 66. g7 Kh5 67. Kh8 Rb6 68. Rh2+ 1-0

[Event "II Memorial Oliver Gonzalez"]
[Site "Madrid"]
[Date "2011.10.11"]
[Round "4.76"]
[White "Gonzalez Lopez, Sergio"]
[Black "Morona Minguez, Miguel"]
[Result "1-0"]
[WhiteElo "1815"]
[BlackElo "1549"]
[PlyCount "61"]
[EventDate "2011.10.08"]

1. c4 e5 2. Nc3 Nf6 3. Nf3 d6 4. g3 Be7 5. Bg2 O-O 6. O-O Nc6 7. d3 Bf5 8. a3
Re8 9. Bg5 h6 10. Bxf6 Bxf6 11. Rc1 Ne7 12. Ne1 c6 13. b4 Ng6 14. b5 cxb5 15.
Bxb7 Rb8 16. Bc6 Re7 17. Nd5 bxc4 18. Nxe7+ Bxe7 19. dxc4 Qa5 20. Nc2 Bxc2 21.
Qxc2 Qxa3 22. Ra1 Qc5 23. Bd5 Nf8 24. Qa4 Qc8 25. Qxa7 Qd8 26. Rfd1 Rb2 27. c5
Ne6 28. Bxe6 fxe6 29. cxd6 Bxd6 30. Ra6 Rxe2 31. Qa8 1-0

[Event "II Memorial Oliver Gonzalez"]
[Site "Madrid"]
[Date "2011.10.11"]
[Round "4.77"]
[White "Suarez Prieto, Leopoldo"]
[Black "Garcia-Ines Sanchez, Gustavo"]
[Result "1-0"]
[WhiteElo "1724"]
[BlackElo "1633"]
[PlyCount "87"]
[EventDate "2011.10.08"]

1. e4 c5 2. Bc4 e6 3. Nc3 Nf6 4. a3 Be7 5. d3 O-O 6. Nce2 Nc6 7. Nf3 a6 8. Be3
b5 9. Ba2 Ng4 10. h4 Nxe3 11. fxe3 Bf6 12. c3 b4 13. Rc1 Bb7 14. Ng3 bxc3 15.
bxc3 Qa5 16. Qc2 Qxa3 17. Nh5 Be5 18. Bb1 g6 19. Nxe5 Nxe5 20. Nf6+ Kg7 21. O-O
h5 22. Qf2 Qa4 23. Nxh5+ gxh5 24. Qf6+ Kh7 25. Qxe5 f5 26. Rf3 Rg8 27. Rcf1
Raf8 28. Rf4 Qb5 29. c4 Qc6 30. d4 cxd4 31. Qxd4 Rg3 32. Qd1 Kh6 33. R1f3 Rfg8
34. Rxg3 Rxg3 35. Qe1 Rg4 36. Qc3 Qb6 37. Qh8+ Kg6 38. exf5+ Kf7 39. Qxh5+ Ke7
40. Qxg4 Qxb1+ 41. Rf1 Qe4 42. f6+ Kd6 43. Qxe4 Bxe4 44. f7 1-0

[Event "II Memorial Oliver Gonzalez"]
[Site "Madrid"]
[Date "2011.10.12"]
[Round "5.1"]
[White "Roa Alonso, Santiago"]
[Black "Lariño Nieto, David"]
[Result "1/2-1/2"]
[WhiteElo "2420"]
[BlackElo "2455"]
[PlyCount "50"]
[EventDate "2011.10.08"]

1. e4 e6 2. d4 d5 3. Nc3 Nf6 4. Bg5 Be7 5. e5 Nfd7 6. Bxe7 Qxe7 7. f4 a6 8. Nf3
c5 9. Qd2 Nc6 10. dxc5 Qxc5 11. Bd3 h6 12. Ne2 g5 13. O-O-O Qa5 14. Qxa5 Nxa5
15. Rde1 gxf4 16. Nxf4 Nc6 17. Rhf1 b5 18. Rf2 Bb7 19. a3 Ke7 20. g4 Rag8 21.
h3 Rg5 22. Rfe2 Rgg8 23. Rf2 Rg5 24. Rfe2 Rgg8 25. Rf2 Rg5 1/2-1/2

[Event "II Memorial Oliver Gonzalez"]
[Site "Madrid"]
[Date "2011.10.12"]
[Round "5.2"]
[White "Arribas Lopez, Angel"]
[Black "Hunt, Adam C"]
[Result "1-0"]
[WhiteElo "2440"]
[BlackElo "2437"]
[PlyCount "69"]
[EventDate "2011.10.08"]

1. Nf3 Nf6 2. c4 g6 3. Nc3 d5 4. cxd5 Nxd5 5. Qb3 Nb6 6. d4 Bg7 7. e4 O-O 8.
Be3 Bg4 9. O-O-O Nc6 10. d5 Ne5 11. h3 Bxf3 12. gxf3 Qc8 13. f4 Ned7 14. a4 a5
15. e5 Nb8 16. h4 Na6 17. Bh3 Qe8 18. h5 Nb4 19. hxg6 hxg6 20. Bg4 Rd8 21. Bxb6
cxb6 22. Nb5 f5 23. Be2 Qf7 24. Bc4 Rc8 25. Kb1 Rfd8 26. Na3 Rxc4 27. Qxc4 Rxd5
28. Rxd5 Qxd5 29. Rd1 Qxc4 30. Nxc4 Bh6 31. Rd7 Kf7 32. Rxb7 Bxf4 33. Rxb6 g5
34. Rxb4 axb4 35. a5 1-0

[Event "II Memorial Oliver Gonzalez"]
[Site "Madrid"]
[Date "2011.10.12"]
[Round "5.3"]
[White "Moreno Trujillo, Alejandro"]
[Black "Pogorelov, Ruslan"]
[Result "1/2-1/2"]
[WhiteElo "2473"]
[BlackElo "2401"]
[PlyCount "244"]
[EventDate "2011.10.08"]

1. d4 Nf6 2. c4 e6 3. Nc3 Bb4 4. e3 O-O 5. Nge2 d5 6. cxd5 exd5 7. a3 Bd6 8. g3
Re8 9. Bg2 c6 10. Qc2 Bg4 11. O-O Bh5 12. Nf4 Bxf4 13. exf4 Qd7 14. Bd2 Bg6 15.
Qb3 Na6 16. Rfe1 Ne4 17. Nxe4 Bxe4 18. f3 Bg6 19. g4 f6 20. f5 Bf7 21. Bf1 Nc7
22. Rxe8+ Nxe8 23. Bf4 Nd6 24. Qb4 Nc4 25. b3 Nb6 26. Qe1 Re8 27. Qg3 Nc8 28.
h4 h6 29. Rd1 Kh8 30. Bd3 Qe7 31. g5 Bh5 32. Kh2 Qxa3 33. gxf6 gxf6 34. Rg1 Qf8
35. Qf2 Ne7 36. Qd2 Ng8 37. Kg2 Kh7 38. Kf2 Qe7 39. b4 a6 40. Rc1 Qd7 41. b5
axb5 42. Bxb5 Re7 43. Bd3 Be8 44. Bb8 Rg7 45. Qf4 Qf7 46. Re1 Bd7 47. Bd6 h5
48. Re6 Kh8 49. Re1 Rh7 50. Rg1 Qe8 51. Rg6 Rg7 52. Qg3 Rxg6 53. fxg6 Kg7 54.
Bb4 Qc8 55. Qd6 Qe8 56. Qc7 Qc8 57. Qd6 Qe8 58. Qc7 Qc8 59. Qf4 Be6 60. Qd6 Bd7
61. Qf4 {(=)} Be6 62. Qd6 Bd7 63. Ke1 Qe8+ 64. Kd2 Nh6 65. Qc7 Qc8 66. Qd6 Nf5
67. Bxf5 Bxf5 68. Qe7+ Kxg6 69. Bd6 Qd7 70. Qf8 Qf7 71. Qh8 Bh3 72. Bf4 Bd7 73.
Qh6+ Kf5 74. Bc7 Qg8 75. Qxh5+ Ke6 76. f4 Be8 77. Qe2+ Kd7 78. Bb6 Qe6 79.
Qxe6+ {(=)} Kxe6 80. Ke3 Kf5 81. Bd8 Bh5 82. Bb6 Kg4 83. Bd8 f5 84. Be7 Kg3 85.
Bb4 Kxh4 86. Bc5 Bd1 87. Bb6 Bc2 88. Ba5 Be4 89. Kf2 Kg4 90. Bc7 Kh5 91. Kg3
Kg6 92. Bb6 Kf7 93. Kf2 Ke6 94. Ke3 Kd7 95. Kd2 Ke8 96. Ke2 Kf7 97. Kf2 Kg6 98.
Kg3 Kh5 99. Bc5 b5 100. Bb4 Kg6 101. Bc5 Kf7 102. Kf2 Bd3 103. Bb4 Bc4 104. Bc5
Ke6 105. Ke3 Kd7 106. Kd2 Bf1 107. Bb4 Bg2 108. Bc5 Be4 109. Bb4 Kc7 110. Bc5
Kb7 111. Kc3 Ka6 112. Kb4 Bb1 113. Kb3 Ka5 114. Bb4+ Kb6 115. Bc5+ Kc7 116. Kc3
Kd7 117. Kd2 Ke6 118. Ke3 Kf6 119. Kf2 Kg6 120. Kg3 Kh5 121. Bb4 Be4 122. Bc5
Bb1 1/2-1/2

[Event "II Memorial Oliver Gonzalez"]
[Site "Madrid"]
[Date "2011.10.12"]
[Round "5.4"]
[White "Anton Guijarro, David"]
[Black "Gonzalez Mateo, Rafael"]
[Result "1-0"]
[WhiteElo "2462"]
[BlackElo "2186"]
[PlyCount "28"]
[EventDate "2011.10.08"]

1. d4 Nf6 2. Nf3 e6 3. e3 b6 4. Bd3 Bb7 5. O-O d5 6. b3 Bd6 7. Bb2 Nbd7 8. Nbd2
O-O 9. Ne5 c5 10. f4 Ne4 11. Nxe4 dxe4 12. Bc4 cxd4 13. Nxd7 Qxd7 14. Qxd4 f5
1-0

[Event "II Memorial Oliver Gonzalez"]
[Site "Madrid"]
[Date "2011.10.12"]
[Round "5.5"]
[White "Barria Zuñiga, Daniel"]
[Black "Hernando Pertierra, Jose C"]
[Result "1/2-1/2"]
[WhiteElo "2443"]
[BlackElo "2383"]
[PlyCount "61"]
[EventDate "2011.10.08"]

1. d4 g6 2. c4 Bg7 3. e4 Nc6 4. Be3 e5 5. dxe5 d6 6. Nc3 Nxe5 7. Qd2 Be6 8. b3
Ne7 9. Nge2 O-O 10. Nd4 c5 11. Nxe6 fxe6 12. Be2 N7c6 13. O-O Nd4 14. f4 Nxe2+
15. Qxe2 Nc6 16. Rac1 Nd4 17. Qg4 Qe7 18. h4 a6 19. h5 gxh5 20. Qxh5 b5 21.
Bxd4 Bxd4+ 22. Kh2 Rf6 23. g3 bxc4 24. bxc4 Rb8 25. Rb1 Rxb1 26. Nxb1 Qb7 27.
Qe2 Rf8 28. Kh3 Kh8 29. Nd2 Rb8 30. Rb1 Qc8 31. Rxb8 1/2-1/2

[Event "II Memorial Oliver Gonzalez"]
[Site "Madrid"]
[Date "2011.10.12"]
[Round "5.6"]
[White "Rubio Mejia, Luis Ignacio"]
[Black "Candela Perez, Jose"]
[Result "1/2-1/2"]
[WhiteElo "2433"]
[BlackElo "2418"]
[PlyCount "84"]
[EventDate "2011.10.08"]

1. d4 Nf6 2. c4 c5 3. d5 e6 4. Nc3 exd5 5. cxd5 d6 6. Nf3 g6 7. Nd2 Bg7 8. e4
O-O 9. Be2 Na6 10. O-O Nc7 11. a4 Nfe8 12. Nc4 f5 13. exf5 Bxf5 14. Ne3 Bd7 15.
Bd2 Na6 16. Qb3 Nb4 17. Na2 a5 18. Nc3 b6 19. Bb5 Ra7 20. Rad1 Bf5 21. Nxf5
Rxf5 22. Ne4 Re7 23. Ng3 Rff7 24. Bc3 Nf6 25. Bc4 Ne4 26. Nxe4 Rxe4 27. Rde1
Rfe7 28. Rxe4 Rxe4 29. Bxb4 axb4 30. Qc2 Qe7 31. b3 Bd4 32. Qd3 Rf4 33. g3 Rf8
34. Kg2 Kg7 35. Qe2 Qxe2 36. Bxe2 Re8 37. Bc4 Kf6 38. Rc1 Bc3 39. Kf3 Ke5 40.
Rd1 h5 41. Rd3 Bd4 42. Rd2 Kf5 1/2-1/2

[Event "II Memorial Oliver Gonzalez"]
[Site "Madrid"]
[Date "2011.10.12"]
[Round "5.7"]
[White "Renteria, Jorge"]
[Black "Korneev, Oleg"]
[Result "0-1"]
[WhiteElo "2319"]
[BlackElo "2580"]
[PlyCount "92"]
[EventDate "2011.10.08"]

1. e4 c5 2. Nf3 e6 3. d4 cxd4 4. Nxd4 a6 5. c4 Nf6 6. Nc3 Bb4 7. Bd3 Qc7 8. Be3
Nc6 9. Nxc6 dxc6 10. f4 e5 11. f5 h5 12. h3 Bxc3+ 13. bxc3 c5 14. O-O b6 15.
Qf3 Bb7 16. Bg5 O-O-O 17. Bc2 Rd6 18. Rad1 Rxd1 19. Rxd1 Qc6 20. Re1 Ne8 21.
Qg3 f6 22. Bc1 Qc7 23. Qg6 Nd6 24. Bd3 a5 25. Re3 h4 26. Kh2 Ba6 27. g3 Bxc4
28. Bxc4 Nxc4 29. Rf3 Rd8 30. gxh4 Rd1 31. Qe8+ Kb7 32. Qa4 Rxc1 33. Qxc4 Rd1
34. Rd3 Rxd3 35. Qxd3 c4 36. Qd5+ Qc6 37. Qf7+ Ka6 38. Qxg7 Qxe4 39. h5 Qf4+
40. Kh1 Qc1+ 41. Kh2 Qxc3 42. h6 Qd2+ 43. Kg3 c3 44. h7 c2 45. h8=Q Qf4+ 46.
Kg2 Qe4+ 0-1

[Event "II Memorial Oliver Gonzalez"]
[Site "Madrid"]
[Date "2011.10.12"]
[Round "5.10"]
[White "Almagro Llamas, Pablo"]
[Black "Spitzer Isbert, Ramon"]
[Result "1-0"]
[WhiteElo "2466"]
[BlackElo "2099"]
[PlyCount "83"]
[EventDate "2011.10.08"]

1. c4 Nf6 2. g3 c5 3. Bg2 Nc6 4. Nc3 d6 5. Nf3 Bg4 6. h3 Bh5 7. d3 e6 8. a3 Be7
9. b4 Nd7 10. bxc5 Nxc5 11. Rb1 Bg6 12. O-O O-O 13. Na4 Qd7 14. Nxc5 dxc5 15.
Qa4 Rad8 16. Rd1 Bf6 17. Kf1 b6 18. Nh4 Ne5 19. Qxd7 Rxd7 20. Nxg6 Nxg6 21. Bd2
h5 22. h4 Ne5 23. Be1 Rfd8 24. Rdc1 Ng4 25. a4 g5 26. hxg5 Bxg5 27. Rc2 Bf6 28.
a5 Rd6 29. Ra2 Kg7 30. Rb5 Rh8 31. axb6 axb6 32. Ra6 h4 33. gxh4 Rxh4 34. Raxb6
Rd8 35. Rb8 Rd6 36. Rxc5 Ra6 37. Ra8 Rd6 38. Rcc8 Nh6 39. c5 Rdd4 40. c6 Rdf4
41. c7 Nf5 42. Rg8+ 1-0

[Event "II Memorial Oliver Gonzalez"]
[Site "Madrid"]
[Date "2011.10.12"]
[Round "5.11"]
[White "Aziz Ortego, Omar Luis"]
[Black "Perez Mitjans, Orelvis"]
[Result "0-1"]
[WhiteElo "2168"]
[BlackElo "2451"]
[PlyCount "90"]
[EventDate "2011.10.08"]

1. e4 g6 2. c4 c5 3. Nf3 Bg7 4. d4 cxd4 5. Nxd4 Nc6 6. Nc2 Nf6 7. Nc3 O-O 8.
Be2 d6 9. O-O Nd7 10. Be3 Nc5 11. Qd2 Bxc3 12. Qxc3 Nxe4 13. Qe1 a5 14. Rd1 Bd7
15. b3 a4 16. b4 Rc8 17. f3 Nf6 18. Qh4 Ne8 19. a3 Ng7 20. g4 Ne5 21. c5 dxc5
22. f4 Nc6 23. Bxc5 b6 24. Be3 f5 25. Ba6 fxg4 26. Bxc8 Qxc8 27. Bxb6 e5 28.
fxe5 Nf5 29. Qxg4 Nxe5 30. Qe2 Re8 31. Nd4 Qb7 32. Bc5 Nf7 33. Qa2 Re4 34. Nxf5
Bxf5 35. Rd8+ Kg7 36. Bf8+ Kf6 37. Qb2+ Ne5 38. Rd4 Kf7 39. Rxe4 Qxe4 40. Bc5
Nf3+ 41. Kf2 Nxh2 42. Rd1 Qf3+ 43. Ke1 Qf1+ 44. Kd2 Nf3+ 45. Kc1 Qc4+ 0-1

[Event "II Memorial Oliver Gonzalez"]
[Site "Madrid"]
[Date "2011.10.12"]
[Round "5.12"]
[White "Martin Duque, Jesus"]
[Black "Martinez Martin, David"]
[Result "1-0"]
[WhiteElo "2136"]
[BlackElo "2401"]
[PlyCount "45"]
[EventDate "2011.10.08"]

1. e4 c5 2. Nf3 d6 3. d4 cxd4 4. Nxd4 Nf6 5. Nc3 g6 6. Be3 a6 7. f3 b5 8. Qd2
Bb7 9. O-O-O Nbd7 10. Nb3 Rc8 11. Kb1 Qc7 12. g4 b4 13. Ne2 Nxe4 14. fxe4 Bxe4
15. Ned4 Bxh1 16. Bxa6 Bb7 17. Nb5 Qc6 18. Bxb7 Qxb7 19. Qxb4 Qa6 20. Bd4 e5
21. Bc3 Nc5 22. Nxc5 Rxc5 23. Qxc5 1-0

[Event "II Memorial Oliver Gonzalez"]
[Site "Madrid"]
[Date "2011.10.12"]
[Round "5.13"]
[White "Valles Moreno, Ivan"]
[Black "Morona Minguez, Irene"]
[Result "1-0"]
[WhiteElo "2394"]
[BlackElo "1894"]
[PlyCount "51"]
[EventDate "2011.10.08"]

1. d4 Nf6 2. Nf3 g6 3. g3 Bg7 4. Bg2 d6 5. O-O O-O 6. Re1 Nbd7 7. e4 e5 8. a4
exd4 9. Nxd4 Re8 10. Nc3 a5 11. Ndb5 Ne5 12. h3 Bf8 13. Bg5 Be7 14. Bxf6 Bxf6
15. Nd5 Rb8 16. Nbxc7 Rf8 17. Nxf6+ Qxf6 18. Nd5 Qd8 19. Ra3 Bd7 20. Qd4 Rc8
21. f4 Rc4 22. Qf2 Nc6 23. Bf1 Rc5 24. Rd3 Nb4 25. Nxb4 axb4 26. Rxd6 1-0

[Event "II Memorial Oliver Gonzalez"]
[Site "Madrid"]
[Date "2011.10.12"]
[Round "5.16"]
[White "Garcia Diaz, Victor Manuel"]
[Black "Moreno Tejera, Emilio"]
[Result "0-1"]
[WhiteElo "2114"]
[BlackElo "2280"]
[PlyCount "52"]
[EventDate "2011.10.08"]

1. c4 e5 2. Nc3 Nc6 3. g3 Bb4 4. Nd5 Bc5 5. Bg2 Nge7 6. e3 Nxd5 7. cxd5 Nb4 8.
d4 exd4 9. exd4 Qe7+ 10. Ne2 Bb6 11. a3 Na6 12. O-O O-O 13. b4 Nb8 14. d6 Qxd6
15. Bf4 Qf6 16. Be5 Qd8 17. d5 d6 18. Bc3 Nd7 19. h3 Ne5 20. Kh2 Re8 21. Qc2
Qg5 22. Nd4 Bxh3 23. Bxh3 Bxd4 24. Bxd4 Nf3+ 25. Kh1 Qxd5 26. Qc3 Nxd4+ 0-1

[Event "II Memorial Oliver Gonzalez"]
[Site "Madrid"]
[Date "2011.10.12"]
[Round "5.18"]
[White "Barajas Fernandez, Helios"]
[Black "Hernandez Gutierrez, Jose"]
[Result "1-0"]
[WhiteElo "2104"]
[BlackElo "1890"]
[PlyCount "77"]
[EventDate "2011.10.08"]

1. e4 c5 2. Nf3 a6 3. d4 cxd4 4. Nxd4 Nf6 5. Bd3 e5 6. Nb3 d5 7. exd5 Nxd5 8.
O-O Be7 9. a3 O-O 10. c4 Nf6 11. Nc3 Nbd7 12. Qc2 Qc7 13. Bg5 h6 14. Bh4 b6 15.
a4 Bb7 16. a5 Qc6 17. f3 Nc5 18. Nxc5 Bxc5+ 19. Kh1 bxa5 20. Rxa5 Qb6 21. Rfa1
g5 22. Bg3 Rfe8 23. Be1 Bb4 24. R5a2 e4 25. Nxe4 Nxe4 26. fxe4 f5 27. c5 Bxc5
28. Bc4+ Kf8 29. exf5 Re4 30. Bf1 Rf4 31. Bg3 Rb4 32. Bc4 Bd4 33. b3 Bxa1 34.
Rxa1 Qf6 35. Re1 Rb6 36. Be6 Rc6 37. Qd2 Rac8 38. Qb4+ Kg7 39. Qxb7+ 1-0

[Event "II Memorial Oliver Gonzalez"]
[Site "Madrid"]
[Date "2011.10.12"]
[Round "5.19"]
[White "Ronka, Erik"]
[Black "Herraiz Hidalgo, Herminio"]
[Result "0-1"]
[WhiteElo "2029"]
[BlackElo "2464"]
[PlyCount "88"]
[EventDate "2011.10.08"]

1. e4 e6 2. Nf3 d5 3. Nc3 Nf6 4. e5 Nfd7 5. d4 c5 6. dxc5 Nc6 7. Bf4 Be7 8. Bb5
Nxc5 9. Qd2 a6 10. Bd3 d4 11. Ne2 Nxd3+ 12. Qxd3 Nb4 13. Qd2 d3 14. Ned4 dxc2
15. O-O h6 16. a3 Nd5 17. Bg3 Qd7 18. Qxc2 b6 19. Nd2 Bb7 20. Ne4 O-O 21. Rad1
Rad8 22. Qe2 Kh7 23. f4 Bc5 24. Nxc5 bxc5 25. Nb3 Rc8 26. Rc1 c4 27. Na5 Qb5
28. Nxc4 Kh8 29. a4 Qxa4 30. Nd6 Rxc1 31. Rxc1 Ba8 32. f5 Qd4+ 33. Kh1 Ne3 34.
Rg1 exf5 35. Bf2 f4 36. Nf5 Qc4 37. Qxc4 Nxc4 38. Bc5 Rb8 39. Rc1 Rxb2 40. Rxc4
Rb1+ 41. Bg1 f3 42. Rc2 fxg2+ 43. Rxg2 Rb2 44. Ne3 a5 0-1

[Event "II Memorial Oliver Gonzalez"]
[Site "Madrid"]
[Date "2011.10.12"]
[Round "5.20"]
[White "Fernandez Aransay, Fernando"]
[Black "Martin Rueda, Daniel"]
[Result "0-1"]
[WhiteElo "1886"]
[BlackElo "2311"]
[PlyCount "70"]
[EventDate "2011.10.08"]

1. e4 c5 2. Nf3 e6 3. d4 cxd4 4. Nxd4 Nf6 5. Nc3 d6 6. Be2 a6 7. a4 b6 8. O-O
Bb7 9. f3 Nbd7 10. Bc4 Qc8 11. Qe2 Be7 12. Kh1 O-O 13. Bg5 Re8 14. Be3 Bf8 15.
Bb3 Qc7 16. Qf2 Rac8 17. Qg3 Ne5 18. Rad1 Nc4 19. Bc1 Kh8 20. Rfe1 Qc5 21. f4
Red8 22. f5 exf5 23. exf5 Re8 24. Bxc4 Qxc4 25. Nf3 b5 26. Ng5 Kg8 27. axb5
axb5 28. Nf3 b4 29. Bg5 Nh5 30. Qh3 bxc3 31. Qxh5 Rxe1+ 32. Rxe1 cxb2 33. Bh6
Qxc2 34. Qg4 Bxf3 35. gxf3 b1=Q 0-1

[Event "II Memorial Oliver Gonzalez"]
[Site "Madrid"]
[Date "2011.10.12"]
[Round "5.21"]
[White "Perez Gonzalez, Jose Manuel"]
[Black "Fuentes Arjona, Antonio"]
[Result "1-0"]
[WhiteElo "2304"]
[BlackElo "2001"]
[PlyCount "95"]
[EventDate "2011.10.08"]

1. e4 c5 2. Nf3 Nc6 3. d4 cxd4 4. Nxd4 g6 5. Nc3 Bg7 6. Be3 Nf6 7. Bc4 O-O 8.
Bb3 Ng4 9. Qxg4 Nxd4 10. Qd1 Nxb3 11. axb3 b6 12. Bd4 Bb7 13. Bxg7 Kxg7 14.
Qd4+ Kg8 15. O-O-O Bc6 16. h4 f5 17. h5 e6 18. hxg6 Qg5+ 19. Kb1 Qxg6 20. Rd3
f4 21. Rdh3 Rf7 22. g3 e5 23. Qxe5 d6 24. Qd4 Re8 25. Rh6 Qg5 26. R1h5 Qg7 27.
Qc4 fxg3 28. fxg3 Ree7 29. Qxc6 Qxg3 30. Qa8+ Rf8 31. Qd5+ Kh8 32. Qd4+ Kg8 33.
Rh1 Qg7 34. Qxg7+ Rxg7 35. Rxd6 Rgf7 36. Rdd1 Rf4 37. Ka2 Rf2 38. Rc1 Rg2 39.
b4 Rff2 40. Kb3 Kg7 41. e5 Rf5 42. Rce1 h5 43. Nd5 Rgg5 44. e6 Re5 45. Rxe5
Rxe5 46. Nf4 Kf6 47. Rxh5 Re3+ 48. c3 1-0

[Event "II Memorial Oliver Gonzalez"]
[Site "Madrid"]
[Date "2011.10.12"]
[Round "5.22"]
[White "Luukkonen, Tommi"]
[Black "Martin-Consuegra Barrilero, Jav"]
[Result "1-0"]
[WhiteElo "2256"]
[BlackElo "1880"]
[PlyCount "85"]
[EventDate "2011.10.08"]

1. e4 d6 2. d4 Nf6 3. Nc3 e5 4. Nf3 Nbd7 5. Bc4 Be7 6. O-O O-O 7. Re1 c6 8. a4
a5 9. Ba2 exd4 10. Nxd4 Nc5 11. Qf3 Be6 12. Nf5 Bxf5 13. Qxf5 Qc8 14. Qf3 Qg4
15. Qe3 Rfe8 16. f3 Qg6 17. Qf2 Bf8 18. Ne2 Ne6 19. Be3 d5 20. e5 Nd7 21. f4
Bc5 22. Bxc5 Nexc5 23. Ng3 f5 24. Rad1 Ne6 25. c4 d4 26. c5 Ndxc5 27. Rxd4 Kf8
28. Rd6 Qg4 29. Qc2 g6 30. Bxe6 Nxe6 31. Qb3 Nd8 32. Rd7 Qxf4 33. Rxh7 Qd4+ 34.
Kh1 Qb4 35. Rh8+ Ke7 36. Rxe8+ Kxe8 37. Qg8+ Ke7 38. Rd1 Qxa4 39. b3 Qg4 40.
Qg7+ Nf7 41. Qf6+ Ke8 42. Qe6+ Kf8 43. Rd7 1-0

[Event "II Memorial Oliver Gonzalez"]
[Site "Madrid"]
[Date "2011.10.12"]
[Round "5.23"]
[White "Horcajada Reales, Guillermo"]
[Black "Alvarez Abejon, Amilcar"]
[Result "1/2-1/2"]
[WhiteElo "2215"]
[BlackElo "2038"]
[PlyCount "100"]
[EventDate "2011.10.08"]

1. e4 e5 2. Nf3 Nc6 3. d4 exd4 4. Nxd4 Bc5 5. Be3 Qf6 6. c3 Nge7 7. Bc4 O-O 8.
O-O Ne5 9. Be2 Qg6 10. Nd2 d5 11. Bh5 Bg4 12. Bxg6 Bxd1 13. Bxh7+ Kxh7 14.
Raxd1 Rad8 15. Ne6 fxe6 16. Bxc5 Rf7 17. Nb3 b6 18. Bxe7 Rxe7 19. exd5 exd5 20.
Rfe1 Rde8 21. Nd4 c5 22. Nc2 Ng4 23. h3 Nf6 24. f3 Re2 25. Rxe2 Rxe2 26. Rc1
Nh5 27. b4 Nf4 28. Ne1 Rxa2 29. Rc2 Rxc2 30. Nxc2 Ne2+ 31. Kf2 Nxc3 32. bxc5
bxc5 33. Ke3 Kg6 34. Kd3 Nb5 35. Ne3 Nc7 36. f4 a5 37. g4 Kf6 38. h4 a4 39. g5+
Ke6 40. h5 d4 41. f5+ Kf7 42. Ng4 a3 43. Ne5+ Kg8 44. Kc2 Nb5 45. f6 gxf6 46.
gxf6 Nd6 47. h6 c4 48. f7+ Nxf7 49. Nxc4 d3+ 50. Kb3 Nxh6 1/2-1/2

[Event "II Memorial Oliver Gonzalez"]
[Site "Madrid"]
[Date "2011.10.12"]
[Round "5.24"]
[White "Semprun Martinez, Fernando"]
[Black "Garcia Donoso, Alberto"]
[Result "1-0"]
[WhiteElo "2204"]
[BlackElo "1744"]
[PlyCount "80"]
[EventDate "2011.10.08"]

1. e4 c5 2. Nf3 d6 3. d4 cxd4 4. Nxd4 Nf6 5. Nc3 g6 6. Be3 Bg7 7. f3 Nc6 8. Qd2
O-O 9. O-O-O d5 10. exd5 Nxd5 11. Nxc6 bxc6 12. Bd4 Nxc3 13. Qxc3 Bxd4 14. Rxd4
Qc7 15. Bc4 Rb8 16. h4 c5 17. Rd2 h5 18. g4 hxg4 19. h5 g5 20. h6 e5 21. Rh5
Qe7 22. Qe3 Kh7 23. Rxg5 Rb6 24. Rxe5 Qf6 25. fxg4 Bxg4 26. Rf2 Rd6 27. Bd3+
Rxd3 28. Qxd3+ Qg6 29. Qxg6+ Kxg6 30. Rxc5 Kxh6 31. Rf6+ Kg7 32. Ra6 f5 33.
Rc7+ Rf7 34. Rxf7+ Kxf7 35. Rxa7+ Kf6 36. Kd2 f4 37. Ke1 Kf5 38. Kf2 Bd1 39. c4
Ke4 40. Re7+ Kd4 1-0

[Event "II Memorial Oliver Gonzalez"]
[Site "Madrid"]
[Date "2011.10.12"]
[Round "5.26"]
[White "Cabañas Jimenez, Manuel"]
[Black "Aragon Gutierrez, Alejandro"]
[Result "0-1"]
[WhiteElo "2102"]
[BlackElo "1732"]
[PlyCount "97"]
[EventDate "2011.10.08"]

1. e4 e6 2. d4 d5 3. Nc3 Nf6 4. Bg5 Be7 5. e5 Nfd7 6. h4 a6 7. Qg4 Bxg5 8. hxg5
c5 9. g6 f5 10. Qg3 h6 11. Nf3 Nc6 12. Ng5 Qe7 13. Nf7 Rf8 14. Ne2 cxd4 15.
Nd6+ Kd8 16. f4 Nc5 17. Nf7+ Kc7 18. O-O-O Ne4 19. Qe1 Qb4 20. Rg1 Bd7 21. g4
Qxe1 22. Rxe1 fxg4 23. f5 exf5 24. Nf4 Rae8 25. Nxd5+ Kb8 26. Bc4 Nxe5 27. Nb6
Bc6 28. Bd5 Bxd5 29. Nxe5 Rh8 30. Nf7 Bxf7 31. gxf7 Re7 32. Rgf1 g6 33. Rxe4
Rxe4 34. f8=Q+ Rxf8 35. Nd7+ Kc7 36. Nxf8 Kd6 37. Nxg6 Ke6 38. Kd2 Kf6 39. Nf4
Kg5 40. Ne2 h5 41. Ke1 h4 42. Kf2 f4 43. Rd1 h3 44. Nxd4 g3+ 45. Kg1 Kg4 46. c3
f3 47. Kh1 Re3 48. Rc1 h2 49. Rd1 0-1